|
|
|
|
| LEADER |
00611cam a2200205 7i4500 |
| 001 |
0000049934 |
| 005 |
20241128090000.0 |
| 020 |
|
|
|a 2884520031
|
| 090 |
0 |
0 |
|a DT304
|b .B47 1994
|
| 100 |
1 |
|
|a Bernstein, Ken
|
| 245 |
1 |
0 |
|a Morocco
|c text: Ken Bernstein.
|
| 260 |
|
|
|a Lausanne, Switzerland:
|b JPM Publications,
|c 1994.
|
| 300 |
|
|
|a 64 p.:
|b col. ill.;
|c 15 cm.
|
| 490 |
0 |
|
|a This way
|
| 500 |
|
|
|a Gift: Zainol Ahmad Resource Center
|
| 500 |
|
|
|a Includes index
|
| 650 |
0 |
0 |
|a Travel
|
| 651 |
|
0 |
|a Morocco --
|x Description and travel
|
| 651 |
|
0 |
|a Africa
|
| 999 |
|
|
|a 0000068904
|b BOK
|c REFERENCE
|e Ground Floor, Bestari Jaya
|